| 000 | 00493nam a22001937a 4500 | ||
|---|---|---|---|
| 003 | OSt | ||
| 005 | 20160909132513.0 | ||
| 008 | 160909b xxu||||| |||| 00| 0 eng d | ||
| 020 | _a038794799x | ||
| 040 | _cDDC. | ||
| 082 | _a537.6GRE 1998 | ||
| 100 |
_aGreiner,Walter; _911025 |
||
| 245 | _aClassical Electrodynamics: | ||
| 260 |
_aNew York. _aBerlin.. _bSpringer. _c1998. |
||
| 300 |
_ax,555p; _bill; _c23cm. |
||
| 504 | _aincludes index. | ||
| 650 |
_aPhysics. _9809 |
||
| 942 |
_2ddc _cO_SHELF |
||
| 999 |
_c5176 _d5176 |
||